Jujutsu Kaisen Domain Expansions - Statistics

General Stats
  • This quiz has been taken 537 times
  • The average score is 5 of 9
Answer Stats
Hint Answer % Correct
Gojo Unlimited Void
98%
Sukuna Malevolent Shrine
91%
Megumi Chimera Shadow Garden
70%
Mahito Self-Embodiment of Perfection
67%
Hakari Idle Death Gamble
63%
Jogo Coffin of the Iron Mountain
62%
Yuta Authentic Mutual Love
40%
Dagon Horizon of the Captivating Skandha
36%
Hanami Shining Sea of Growing Branches
13%
No matching quizzes found
Score Distribution
Percent of People with Each Score
Percentile by Number Answered
Your Score History
You have not taken this quiz